| 000 | 01042cam a2200217 4500500 | ||
|---|---|---|---|
| 005 | 20260329003046.0 | ||
| 041 | _afre | ||
| 042 | _adc | ||
| 100 | 1 | 0 |
_aPetit, Michèle _eauthor |
| 245 | 0 | 0 | _aThe Remote Countries of Reading |
| 260 | _c2004. | ||
| 500 | _a97 | ||
| 520 | _aThe study of readers’ practices in places where reading is not simple could lead us to think that they praise remote lands. It is indeed by opening up to an elsewhere, to a space other than the everyday life, that readers can enrich some part or other of their imaginary world in a quite personal way. This question somehow contradicts the craze of geographers for the local and their high valuation of the near. | ||
| 690 | _aexclusion | ||
| 690 | _aindividualization | ||
| 690 | _areading | ||
| 690 | _aremote lands | ||
| 690 | _aspacial segregation | ||
| 786 | 0 | _nEthnologie française | 34 | 4 | 2004-12-01 | p. 609-615 | 0046-2616 | |
| 856 | 4 | 1 | _uhttps://shs.cairn.info/journal-ethnologie-francaise-2004-4-page-609?lang=en&redirect-ssocas=7080 |
| 999 |
_c1821052 _d1821052 |
||